|
|
|
|
| LEADER |
00000nam a22000007a 4500 |
| 005 |
20130809184735.0 |
| 007 |
cr|||| |||| |
| 008 |
130809s2009 mx |||||s|||| 00||0 spa d |
| 020 |
|
|
|a 978-970-722-809-2
|
| 035 |
|
|
|a 11460
|
| 040 |
|
|
|a vlex
|
| 090 |
|
|
|c 4475
|d 4475
|
| 100 |
1 |
|
|a Sǹchez Bernal, Antonio
|
| 245 |
1 |
0 |
|a Cambio institucional y desempeǫ de los gobiernos municipales en Mx̌ico
|h [Recurso electrn̤ico] /
|c Antonio Sǹchez Bernal
|
| 256 |
|
|
|a Servicio en ln̕ea
|
| 260 |
|
|
|a Mx̌ico D.F:
|b Plaza Valdš Editores,
|c 2009
|
| 300 |
|
|
|a 1 recurso electrn̤ico
|
| 506 |
1 |
|
|a Contenido solo disponible en los productos indcados
|d vLex Global
|d vLex Global (Academic Edition, excluding Law Schools)
|d vLex Global (U.S. Academic Edition, Law Schools)
|d vLex Global (U.S. Academic Edition, excluding Law Schools)
|d vLex Global (Academic Edition, Law Schools)
|
| 650 |
0 |
4 |
|a Administracin̤ institucional y Administracin̤ independiente
|z Mx̌ico
|
| 740 |
0 |
|
|a vLex Libros (Servicio en ln̕ea)
|
| 856 |
4 |
0 |
|u http://vlex.com/source/cambio-institucional-desempe-o-gobiernos-municipales-mexico-11460
|z Acceso restringido
|
| 942 |
|
|
|c BOOK
|
| 999 |
0 |
|
|a Public administration
|